| 000 | 00842nam a2200229Ii 4500 | ||
|---|---|---|---|
| 003 | JO-AjNU | ||
| 008 | 230605s9999||||xx |||||||||||||| ||und|| | ||
| 017 | _a2009/8/3716 | ||
| 020 | _a978-9957-504-40-3 | ||
| 040 |
_aJO-AjNU _bara _erda _cJO-AjNU |
||
| 041 | _aara | ||
| 050 | 1 | 4 | _aHF5549 .A6586 2010 |
| 100 | 3 |
_aتأليف: عقيلي،عمر وصفي, _eauthor _929408 |
|
| 245 | 0 | 0 | _aتكنولوجيا ادارة الموارد البشرية الحديثة=Human Resource Management |
| 250 | _aط1 | ||
| 264 | 3 | 1 | _aعمان:دار زهران للنشر والتوزيع؛2010 |
| 300 |
_a400ص _bيحتوي على ببلوغرافية من ص383-400ص |
||
| 336 |
_atext _btxt _2rdacontent |
||
| 337 |
_aunmediated _bn _2rdamedia |
||
| 338 |
_avolume _bnc _2rdacarrier |
||
| 650 | 4 |
_aادارة الموارد البشرية _929409 |
|
| 999 |
_aA11532 _c15100 _d15100 |
||